| 000 | 00555nam a2200169 i 4500 | ||
|---|---|---|---|
| 001 | 49918 | ||
| 003 | ES-MaACL | ||
| 005 | 20230906162102.0 | ||
| 007 | t| | ||
| 008 | 030725s1969 sp ||||1| spa d | ||
| 100 | 1 |
_aCremades, Bernardo M. _941481 |
|
| 245 | 1 | 3 |
_aLa sanción disciplinaria en la empresa / _cBernardo M. Cremades ; prólogo Rodríguez-Piñero. |
| 260 |
_aMadrid : _bInstituto de Estudios Políticos, Aragón, _c1969. |
||
| 300 |
_a312 p. ; _c20 cm. |
||
| 700 | 1 |
_aRodríguez-Piñero, Miguel. _998735 |
|
| 852 |
_aES-MaACL _jC-50513 _bR.71671 |
||
| 999 |
_c49918 _d49918 |
||